000 01016nam a2200265 a 4500
001 48486
003 BD-RjUL
005 20211209054531.0
008 161116s1949 ii ||||| |||| 00| 0 ben d
020 _c:TK. 12.75
035 _a(BD-RjUL)48605
040 _aBD-RjUL
_bben
_cBD-RjUL
041 _aben
082 _223
_a891.21
_bKHM 1949
100 1 _aক্ষেপানন্দ, কেতকাদাস
_9146439
245 1 0 _aমনসা-মঙ্গল /
_cকেতকাদাস ক্ষেপানন্দ
250 _a২য় সং .
260 _aকলিকাতা :
_bকলিকাতা বিশ্ববিদ্যালয়,
_c১৯৪৯
300 _aখণ্ড ;
_c২১ সেমি.
505 _aখণ্ড ১ --
650 _aসংস্কৃত কবিতা
_9146440
650 _aSanskrit Poetry
_9146441
700 _aভট্রাচার্য, যতীন্দ্রমোহন, সম্পাদক
_9164834
942 _2ddc
_cBK
999 _c48486
_d48486